|
|
|
|
| LEADER |
00000cam a2200000 7i4500 |
| 001 |
0000069310 |
| 005 |
20110706093000.0 |
| 008 |
101123s200? my may |
| 020 |
|
|
|a 9789673223343
|
| 050 |
0 |
0 |
|a SF510.Q2
|b .P47
|
| 090 |
0 |
0 |
|a SF510.Q2
|b .P47
|
| 245 |
0 |
0 |
|a Perusahaan ternakan puyuh
|c Redaksi AgroMedia, adaptasi Nor Hazreen, editor Ramlah Ahmad Zainal
|
| 260 |
|
|
|a Kuala Lumpur :
|b SynergyMedia ,
|c [c200?]
|
| 300 |
|
|
|a 67 p. :
|b ill.(some col.) ;
|c 25 cm.
|
| 505 |
0 |
|
|a 1. Potensi burung puyuh -- 2. Puyuh, unggas kecil yang menghasilkan banyak telur -- 3. Membina bangsal/reban puyuh -- 4. Menyediakan anak puyuh -- 5. Makanan puyuh -- 6. Penjagaan puyuh secara rutin -- 7. Mengatasi penyakit -- 8. Penetasan telur puyuh -- 9. Penuaian hasil produksi -- 10. Analisis kos ternakan puyuh
|
| 650 |
|
0 |
|a Quails
|
| 650 |
|
0 |
|a Quails
|x Breeding
|
| 700 |
0 |
|
|a Nor Hazreen ,
|e author
|
| 700 |
0 |
|
|a Ramlah Ahmad Zainal ,
|e author
|
| 999 |
|
|
|a 1000135474
|b Book
|c OPEN SHELF (30 DAYS)
|e Tembila Campus
|